[Event "Cerdanyola del Valles op-A 32th"]
[Site "Cerdanyola del Valles"]
[Date "2014.??.??"]
[Round "1.2"]
[White "Faro Larroya, Jordi"]
[Black "Lorenzo de la Riva, Lazaro"]
[Result "0-1"]
[WhiteElo "1899"]
[BlackElo "2369"]
[PlyCount "170"]
[EventDate "2014.10.04"]
[EventType "swiss"]
[EventRounds "8"]
[EventCountry "ESP"]
[SourceTitle "EXT 2024"]
[Source "ChessBase"]
[SourceDate "2023.10.10"]
[SourceVersion "1"]
[SourceVersionDate "2023.10.10"]
[SourceQuality "1"]

1. d4 d5 2. e4 e6 3. c4 dxe4 4. Nc3 Nf6 5. f3 Bb4 6. a3 Bxc3+ 7. bxc3 c5 8. Bg5 Qa5 9. Bd2 Nc6 10. Be2 0-0 11. d5 exd5 12. cxd5 e3 13. Bxe3 Nxd5 14. Bd2 Qc7 15. Qc2 Re8 16. Kf2 Nf4 17. g3 Nd5 18. Bd3 h6 19. Ne2 Be6 20. c4 Nb6 21. Bf4 Qe7 22. Rhe1 Rac8 23. Rad1 Qf6 24. Nc3 Nd4 25. Qb1 Bf5 26. a4 Rxe1 27. Rxe1 Bxd3 28. Qxd3 a5 29. Re3 Qc6 30. h4 Rd8 31. Re7 Re8 32. Rc7 Qe6 33. Rxc5 Qe1+ 34. Kg2 Ne2 35. Re5 Qg1+ 36. Kh3 Nxf4+ 37. gxf4 Qh1+ 38. Kg3 Rxe5 39. fxe5 Qe1+ 40. Kg4 Qxe5 41. Qd8+ Kh7 42. Qxb6 Qxc3 43. Qb5 Qd4+ 44. Kg3 Qg1+ 45. Kh3 Qh1+ 46. Kg3 Qe1+ 47. Kg4 Qe6+ 48. Kg3 b6 49. Kf2 Kg6 50. Kg3 Kf6 51. Kg2 Qe2+ 52. Kg1 Qd1+ 53. Kg2 Qd2+ 54. Kg1 Qd4+ 55. Kg2 g6 56. Kf1 Kg7 57. Kg2 Qd2+ 58. Kf1 Qd1+ 59. Kg2 Qe2+ 60. Kg3 Qe6 61. Kg2 Kh7 62. Kg3 Qe1+ 63. Kh3 Qh1+ 64. Kg3 Qg1+ 65. Kh3 Qc5 66. Qa6 Kg7 67. Kg3 h5 68. Kh3 Qe3 69. Kg3 Qe1+ 70. Kh3 Qf2 71. Qb7 Qf1+ 72. Kg3 Qxc4 73. Qxb6 Qxa4 74. Qc7 Qb4 75. Qe5+ Kg8 76. Qe8+ Qf8 77. Qa4 Qd6+ 78. Kg2 Qe5 79. Qc4 Kg7 80. Qa4 Kh7 81. Qa2 Qf5 82. Qa4 g5 83. hxg5 Qxg5+ 84. Kh3 h4 85. Kh2 Qg3+ 0-1